000 00474nam a2200181Ia 4500
001 19816
003 GE_BSU
008 181216s||||||||xx |||||||||||||| ||und||
040 _cGE_BSU
245 _aParis Match, du 5 AU 11 janvier. №3529. 2017
260 _aParis
260 _c2017
300 _a102p. 29cm. ill.
653 _aParis Match, du 5 AU 11 janvier. №3529. 2017
653 _aПериодика
653 _aპერიოდიკა
942 _cCR
999 _c52788
_d52788